Public relations in health and welfare (Record no. 1447311)

MARC details
000 -LEADER
fixed length control field 00601nam a2200205Ia 4500
005 - DATE AND TIME OF LATEST TRANSACTION
control field 20250923145120.0
008 - FIXED-LENGTH DATA ELEMENTS--GENERAL INFORMATION
fixed length control field 008 250917s9999 xx 000 0 eng d
037 ## - SOURCE OF ACQUISITION
Stock number Textual
040 ## - CATALOGING SOURCE
Original cataloging agency DSWL
Language of cataloging eng
Transcribing agency DSWL
041 ## - LANGUAGE CODE
Language code of text/sound track or separate title eng
Source of code eng
084 ## - COLON CLASSIFICATION NUMBER
Classification number YX,Z!-z46-J3, N67
Assigning agency DSWL
245 #0 - TITLE STATEMENT
Title Public relations in health and welfare
Statement of responsibility, etc. Ed.by F. Schmidi
260 ## - PUBLICATION, DISTRIBUTION, ETC.
Place of publication, distribution, etc. New York
Name of publisher, distributor, etc. Columbia University Press
Date of publication, distribution, etc. 1966
300 ## - PHYSICAL DESCRIPTION
Extent xvi,418 p.
365 ## - TRADE PRICE
Price type code INR
Price amount 58
700 ## - ADDED ENTRY--PERSONAL NAME
Personal name H.N. Weiner
9 (RLIN) 831936
925 ## -
-- 58
942 ## - ADDED ENTRY ELEMENTS (KOHA)
Koha item type Textual
Classification part YX,Z!-z46-J3, N67
Holdings
Withdrawn status Lost status Damaged status Not for loan Home library Current library Date acquired Inventory number Total Checkouts Full call number Barcode Date last seen Price effective from Koha item type
        Department of Social Work Library Department of Social Work Library 2025-09-23 2520 24/04/1968   YX,Z!-z46-J3, N67 SW0012937 2025-09-23 2025-09-23 Textual
Copyright @ Delhi University Library System